000 00437nam a2200133Ia 4500
008 151001s9999||||xx |||||||||||||| ||und||
100 _aमान चंद खंडेला
245 _aवैज्ञानिक राष्ट्रपती डॉ.अब्दुल कलाम
250 _a1
260 _bआविस्कार पब्लिशर्स
260 _c2003
300 _a170
365 _b21
999 _c983469
_d983466